| 000 | 00990nam a22002771 4500 | ||
|---|---|---|---|
| 001 | 20089 | ||
| 003 | BD-RjUL | ||
| 005 | 20211209000523.0 | ||
| 008 | 140226s1935 enk 000 0 enm | ||
| 035 | _a(BD-RjUL)20151 | ||
| 035 | _a(OCoLC)17519377 | ||
| 040 |
_aDLC _cIeMnSPC _dBD-RjUL _beng |
||
| 041 | _aeng | ||
| 082 | 0 | 4 |
_a823.2 _219 _bGOQ 1935 |
| 100 | 1 |
_aGollancz, Israel _961860 |
|
| 245 | 1 | 4 |
_aThe quatrefoil of love : _cIsrael Gollancz, Magdalene M. Weale _bed. from Brit. Mus. MS. Add. 31042 with collations from Bodl. MS. Add. A 106 / |
| 260 |
_aLondon : _bOxford U.P. for the Early English Text Society, _c1935. |
||
| 300 |
_a(Various pageins.) _c22 cm. |
||
| 490 |
_aEarly English Text Society. Original series ; _v195. |
||
| 500 | _aIncludes glossary | ||
| 650 |
_aEnglish language -- Middle English, 1100-1500 -- Texts. _961861 |
||
| 700 | 1 |
_aWeale, Magdalene M. _q(Magdalene Marie) _961862 |
|
| 942 |
_2ddc _cBK |
||
| 999 |
_c20089 _d20089 |
||